书目信息 |
| 题名: |
GPS测量原理及应用
|
|
| 作者: | 徐绍铨 编著 | |
| 分册: | ||
| 出版信息: | 武汉 武汉大学出版社 2017.01 |
|
| 页数: | 258页 | |
| 开本: | 26cm | |
| 丛书名: | ||
| 单 册: | ||
| 中图分类: | P228.4 | |
| 科图分类: | ||
| 主题词: | 全球定位系统--高等学校--教材 | |
| 电子资源: | ||
| ISBN: | 978-7-307-19192-1 | |
| 000 | 01036nam0 2200265 450 | |
| 001 | 2456048947 | |
| 005 | 20240527153452.80 | |
| 010 | @a978-7-307-19192-1@dCNY35.00 | |
| 100 | @a20170308d2017 em y0chiy50 ea | |
| 101 | 0 | @achi |
| 102 | @aCN@b420000 | |
| 105 | @aa z 000yy | |
| 200 | 1 | @aGPS测量原理及应用@AGPS ce liang yuan li ji ying yong@f徐绍铨等编著 |
| 205 | @a4版 | |
| 210 | @a武汉@c武汉大学出版社@d2017.01 | |
| 215 | @a258页@c图@d26cm | |
| 300 | @a高等学校测绘工程系列教材 | |
| 304 | @a编著还有:张华海,杨志强,王泽民 | |
| 330 | @a全书共分10章,全面论述了GPS测量的基本原理、基本方法,着重介绍其应用。具体包括:绪论;坐标系统和时间系统;卫星运动基础及GPS卫星星历;GPS卫星信号和导航电文;GPS卫星定位基本原理;GPS卫星导航;GPS测量的误差来源及其影响;GPS测量的设计与实施;GPS测量数据处理;GPS应用。 | |
| 333 | @a高校测绘工程专业师生 | |
| 606 | 0 | @a全球定位系统@x高等学校@j教材 |
| 690 | @aP228.4@v5 | |
| 701 | 0 | @a徐绍铨@Axu shao quan@4编著 |
| 801 | 0 | @aCN@b河南城建学院图书馆@c201701015 |
| 905 | @dP228.4@eX795=4 | |
| GPS测量原理及应用/徐绍铨等编著.-4版.-武汉:武汉大学出版社,2017.01 |
| 258页:图;26cm |
| 高等学校测绘工程系列教材.-使用对象:高校测绘工程专业师生 |
| ISBN 978-7-307-19192-1:CNY35.00 |
| 全书共分10章,全面论述了GPS测量的基本原理、基本方法,着重介绍其应用。具体包括:绪论;坐标系统和时间系统;卫星运动基础及GPS卫星星历;GPS卫星信号和导航电文;GPS卫星定位基本原理;GPS卫星导航;GPS测量的误差来源及其影响;GPS测量的设计与实施;GPS测量数据处理;GPS应用。 |
| ● |
| 相关链接 |
|
|
|
正题名:GPS测量原理及应用
索取号:P228.4/X795=4
 
预约/预借
| 序号 | 登录号 | 条形码 | 馆藏地/架位号 | 状态 | 备注 |
| 1 | 1552767 | 215527678 | 自科库401/401自科库 122排2列2层/ [索取号:P228.4/X795=4] | 在馆 |